| 000 | 00665cam a22002411 4500 | ||
|---|---|---|---|
| 001 | 28239 | ||
| 003 | BD-RjUL | ||
| 005 | 20211209051244.0 | ||
| 008 | 140328s19591956xx 001 0 eng | ||
| 035 | _a(BD-RjUL)28320 | ||
| 035 | _a(OCoLC)1938860 | ||
| 040 |
_aDLC _cTU _dDLC _beng |
||
| 041 | _aeng | ||
| 082 |
_a942.08 _bMAM 1959 |
||
| 100 | 0 |
_aMarie Louise, _d1872-1956. _986479 |
|
| 245 | 1 | 0 |
_aMy memories of six reigns / _cLouise Marie |
| 260 |
_aLondon : _bPENGUIN BOOK. _cC1956 [reprinting 1959] |
||
| 300 |
_a255 :p. _bill. ; _c16 cm. |
||
| 504 | _aincludes index | ||
| 942 |
_2ddc _cBK |
||
| 999 |
_c28239 _d28239 |
||